[Event "Stay Safe Play From Home 172"]
[Site "T#646326Emanuel Laske"]
[Date "2020.05.25"]
[Round "3"]
[White "Castlingarrocco"]
[Black "Lazieri3"]
[Result "0-1"]
[WhiteElo "2024"]
[BlackElo "2134"]
[Annotator "TA"]
[PlyCount "116"]
[EventDate "2020.05.25"]
[EventType "swiss (blitz)"]

{[%evp 9,116,0,0,0,4,0,11,0,17,8,23,0,0,-27,-18,-39,-12,-4,9,2,3,0,16,0,0,0,2,0,40,-7,20,-124,-14,-200,0,0,0,0,0,0,0,0,-14,-12,0,0,9,10,10,10,11,11,96,0,0,0,0,0,0,-6195,-5402,-29971,-29973,-29974,-29974,-29974,-8,-29974,-29974,-29977,-29977,-29977,-29978,-29978,-29979,-29979,-29980,-29980,-29981,-29981,-29982,-29984,-29982,-29983,-29984,-29985,-29985,-29985,-29986,-29986,-29987,-29987,-29988,-29988,-29989,-29989,-29990,-29990,-29991,-29991,-29991,-29992,-29992,-29992,-29993,-29994,-29993,-29993,-29994]} 1. d4 d5 2. e3 c6 3. Nf3 Bf5 4. b3 e6 5. Bb2 Bd6 6. Be2 {[#] D02: 1 d4 d5 2 Nf3 sidelines, including 2...Nf6 3 g3 and 2...Nf6 3 Bf4.} Qe7 $146 ({Predecessor:} 6... Nd7 7. Nbd2 h6 8. Ne5 Nxe5 9. dxe5 Bc5 10. a3 a5 11. Bd3 Ne7 12. Qe2 Bxd3 13. cxd3 {1-0 (39) Onischuk,A (2605)-Priehoda,V (2400) Vienna 1996}) 7. O-O Nf6 8. Nbd2 {The position is equal.} Ne4 9. Nxe4 Bxe4 10. Ne5 Nd7 11. f4 f6 12. Nxd7 Qxd7 13. c4 Qe7 14. Bf3 Bxf3 15. Qxf3 Ba3 16. Rab1 Bxb2 17. Rxb2 O-O 18. Re2 e5 19. g4 Rae8 20. f5 (20. cxd5 $11 e4 21. Qf2) 20... exd4 (20... dxc4 $1 $17 {And now ...exd4 would win.} 21. dxe5 Qxe5 22. bxc4 Qc3) 21. Rfe1 $2 (21. cxd5 $11 Qc5 22. Rfe1) 21... dxc4 $2 (21... d3 $19 22. Rd2 dxc4 23. bxc4 Qb4) 22. exd4 $11 Qd7 {White must now prevent ...Rxe2.} 23. Rxe8 Rxe8 24. Rxe8+ Qxe8 25. bxc4 {[%mdl 4096] Endgame KQ-KQ} Qe1+ 26. Kg2 Qd2+ 27. Qf2 Qxf2+ (27... Qd1 {looks sharper.} 28. h3 h6 29. c5 Kh7 30. Qb2 h5) 28. Kxf2 {KP-KP} Kf7 29. Ke3 Ke7 30. Ke4 Kd6 {[#]} (30... b6 $11 {remains equal.}) 31. a4 (31. c5+ $1 $16 Kc7 32. a4) 31... b6 32. h4 a6 33. g5 b5 34. cxb5 $2 {[%mdl 8192] Black continues to play with concentration.} (34. c5+ $11 Ke7 35. axb5 axb5 36. Kd3) 34... cxb5 $19 35. axb5 axb5 36. Kd3 Kd5 37. Kc3 b4+ $2 (37... h6 {mates} 38. g6 h5 39. Kb4 Kxd4 40. Kxb5 Ke5 41. Kc5 Kxf5 42. Kc4 Kxg6 43. Kd4 Kf5 44. Ke3 Kg4 45. Kd3 Kxh4 46. Ke3 Kg4 47. Ke2 f5 48. Kd3 h4 49. Ke3 f4+ 50. Ke2 f3+ 51. Kf2 h3 52. Kg1 Kf4 53. Kf1 Ke3 54. Kg1 f2+ 55. Kf1 h2 56. Kg2 {[#]} h1=R $1 {[%mdl 576] Deflection, Promotion} 57. Kxh1 Kf3 58. Kh2 f1=R 59. Kh3 Rh1#) 38. Kd3 $2 {[%mdl 8192]} (38. Kxb4 $11 Kxd4 39. h5) 38... b3 {Black mates.} 39. gxf6 gxf6 {K3P-K3P} 40. h5 h6 41. Kc3 {[#]} b2 $1 {[%mdl 512]} 42. Kxb2 Kxd4 {KPP-KPP} 43. Kc2 Ke5 44. Kd2 Kxf5 {KPP-KP} 45. Ke2 Kg5 46. Kf2 Kxh5 {KP-KP} 47. Kg2 Kg5 48. Kh2 f5 49. Kg2 Kg4 50. Kh2 f4 51. Kg1 f3 52. Kf1 Kg3 53. Kg1 f2+ 54. Kf1 h5 55. Ke2 Kg2 56. Ke3 f1=Q 57. Ke4 h4 58. Ke5 h3 {Accuracy: White = 68%, Black = 79%.} 0-1

[Event "Stay Safe Play From Home 172"]
[Site "T#646326Emanuel Laske"]
[Date "2020.05.25"]
[Round "3"]
[White "Weltszmerc"]
[Black "Majstor-resa"]
[Result "1-0"]
[WhiteElo "2010"]
[BlackElo "1679"]
[Annotator "TA"]
[PlyCount "69"]
[EventDate "2020.05.25"]
[EventType "swiss (blitz)"]

{[%evp 9,69,35,40,12,62,0,98,68,79,-1,-8,-162,-179,-205,-197,-168,-121,-404,-398,-390,-220,-210,221,180,195,184,180,121,211,220,562,493,511,511,497,493,530,510,1101,1073,1218,645,640,533,29976,29977,29976,29977,29975,29977,29960,6515,29986,29987,29998,1707,6311,6312,29986,29987,29993,29994]} 1. d4 d5 2. c4 Nc6 3. Nf3 Nf6 4. e3 Bg4 5. cxd5 Qxd5 6. Be2 {D07: Queen's Gambit: Chigorin Defence.} O-O-O 7. Nc3 (7. h3 $1 $14 Bh5 8. Nc3) 7... Qa5 {[#]} (7... Qh5 $1 $11) 8. h3 $146 {White is better.} ({Predecessor:} 8. O-O Qh5 9. h3 e6 10. hxg4 Nxg4 11. Nh4 Nce5 12. Bxg4 Nxg4 13. f3 Qxh4 14. fxg4 Bd6 15. Rf4 Bxf4 16. exf4 Rxd4 17. Qxd4 Qe1+ 18. Kh2 Qh4+ 19. Kg1 Qe1+ {½-½ (19) Radikovic,A (1688)-Golubicic,L (1982) Rijeka 2015}) 8... Bh5 9. a3 (9. O-O $16) 9... e5 $1 $11 10. d5 $2 (10. O-O $11) 10... Nxd5 $19 11. Bd2 Nxc3 12. bxc3 Qd5 ({Don't go for} 12... Bxa3 $2 13. Qb3 $18) 13. O-O $2 {[%mdl 8192]} (13. c4 $17 {is a better defense.} Qd6 14. Bc3) 13... Bxf3 $1 14. Bxf3 Qxd2 (14... e4 $142 15. c4 Qxd2 16. Qxd2 Rxd2 17. Bxe4 Ne5) 15. Qb3 {[#]} f5 $4 {[%mdl 8192]} (15... Qd3 $1 $19 {and all is fine. Strongly threatening ...Qg6.} 16. Rab1 Qa6 17. Qxf7 Kb8) 16. Rfd1 e4 17. Rxd2 $40 {[%mdl 128] White has strong attack.} Rxd2 {[#]} 18. Rd1 ({White should try} 18. Qe6+ $1 $18 Kb8 19. Rd1 Rxd1+ 20. Bxd1 Bxa3 21. Qxf5) 18... Rxd1+ (18... Rd6 $16) 19. Bxd1 $18 {Qe6+ is the strong threat.} Kd7 $2 (19... Bc5 {is more resistant.} 20. Qe6+ Kb8 21. Qxf5 Bxa3) 20. Qd5+ {[%mdl 64] Double Attack} Bd6 21. Qxf5+ Ke7 22. Qxe4+ Kf6 23. Ba4 Ne5 (23... h5 $142 24. Bc2 Kf7 25. Bb3+ Kf8) 24. f4 Nf7 25. Qd4+ Ke7 26. Bb3 Nd8 27. Qxg7+ {[%mdl 64] Double Attack} Ke8 28. Qxh8+ Kd7 29. Qxh7+ Kc6 30. Qe4+ (30. Qg8 $142 Kd7 31. Qg7+ Kc6 32. Qg8 Kd7 33. Qg7+ Ke8 34. g4 c6 35. g5) 30... Kd7 31. Qf5+ Kc6 32. Qd5+ (32. Ba4+ $142 Kb6 33. Qb5#) 32... Kd7 33. e4 b6 34. e5 {[%mdl 64] Pin} Nb7 35. Qxb7 {Accuracy: White = 40%, Black = 29%.} 1-0

[Event "Stay Safe Play From Home 172"]
[Site "T#646326Emanuel Laske"]
[Date "2020.05.25"]
[Round "3"]
[White "Haxhi Baha"]
[Black "Lamborghini"]
[Result "0-1"]
[WhiteElo "1960"]
[BlackElo "2211"]
[Annotator "TA"]
[PlyCount "58"]
[EventDate "2020.05.25"]
[EventType "swiss (blitz)"]

{[%evp 9,58,46,47,39,64,66,75,73,93,51,60,43,86,60,73,92,205,77,52,0,23,-15,-23,-31,24,-54,223,214,192,168,309,141,421,369,516,443,437,446,431,363,389,379,398,196,227,53,53,-33,6,-132,0]} 1. e4 g6 2. d4 Bg7 3. Nc3 c5 4. Be3 Qa5 5. Nge2 Nf6 6. f3 {B06: Modern Defence.} cxd4 7. Nxd4 d6 8. Nb3 {White is better.} Qc7 9. Qd2 O-O {[#]} 10. h4 $146 ({Predecessor:} 10. O-O-O Nc6 11. g4 Ne5 12. Kb1 Be6 13. Nd4 Qa5 14. Nd5 Qxd2 15. Nxe7+ Kh8 16. Bxd2 Rae8 17. Bb4 Nxf3 18. Nxf3 Nxe4 19. Nd5 Bxg4 20. Bg2 Nf2 21. h3 Nxd1 22. hxg4 Nf2 23. Rf1 Ne4 24. Nh4 b6 25. a3 Re5 26. c4 Kg8 {½-½ (26) Bures,J (2425)-Karkuth,S (2489) ICCF email 2002}) 10... a5 11. h5 a4 $1 {[%cal Ra4b3]} 12. Nd4 $36 {[%mdl 2048] White has strong initiative.} a3 (12... Nxh5 $16 {was worth a try.} 13. Nd5 Qd8) 13. b3 (13. hxg6 $18 fxg6 14. b3) 13... Nxh5 $16 14. g4 Ng3 15. Rg1 (15. Rh2 {feels hotter.} Nxf1 16. Kxf1 Be6 17. Kg2 Rc8 18. Nce2) 15... Nxf1 16. Rxf1 Nc6 (16... Be6 $15) 17. O-O-O ({Better is} 17. Nd5 $11 Qd8 18. Rd1) 17... Bd7 $2 {[%mdl 8192]} (17... Bxd4 $15 18. Bxd4 Nxd4 19. Qxd4 Be6) 18. Nd5 $18 {[%mdl 1024] White has strong compensation.} Qd8 19. Rh1 $1 Rc8 {[#]} (19... e6 $142) 20. Kb1 ({Less strong is} 20. Qh2 h5 $16) (20. Nf5 $1 $18 {[%cal Rf5g7][%mdl 512] is the precise move to win.} Bxf5 (20... gxf5 21. gxf5) 21. exf5) 20... Re8 $2 {[%mdl 8192]} (20... Nxd4 $16 21. Bxd4 f6) 21. Nb5 Ne5 22. Bb6 Bxb5 ({Of course not} 22... Nxf3 23. Qf4) 23. Bxd8 Rcxd8 24. g5 Bc6 25. f4 Ng4 26. Qg2 (26. Rde1 $142) 26... Bxd5 27. Qxg4 $2 (27. exd5 $18 Ne3 28. Qh3 Nxd1 29. Qxh7+ (29. Rxd1 e6 $16) 29... Kf8 30. Rxd1) 27... Bxe4 $14 28. Rhe1 (28. Rh2 $14) 28... Bf5 29. Qh4 (29. Qg2 $11) 29... e6 {[%mdl 32768] Accuracy: White = 32%, Black = 34%. . Loss on time!?} ({Black should play} 29... Rc8 $17 30. Qf2 Rxc2 31. Qxc2 Bxc2+ 32. Kxc2 h5) 0-1

[Event "Stay Safe Play From Home 172"]
[Site "T#646326Emanuel Laske"]
[Date "2020.05.25"]
[Round "3"]
[White "Greblah"]
[Black "Fischer_11"]
[Result "0-1"]
[WhiteElo "1856"]
[BlackElo "1871"]
[Annotator "NA"]
[PlyCount "126"]
[EventDate "2020.05.25"]
[EventType "swiss (blitz)"]

1. e4 {[%emt 0:00:01]} Nf6 {[%emt 0:00:02]} 2. e5 {[%emt 0:00:02]} Nd5 {[%emt 0:00:00]} 3. d4 {[%emt 0:00:00]} d6 {[%emt 0:00:01]} 4. Nf3 {[%emt 0:00:00]} dxe5 {[%emt 0:00:01]} 5. Nxe5 {[%emt 0:00:01]} Nd7 {[%emt 0:00:00]} 6. Bc4 {[%emt 0:00:02]} Nxe5 {[%emt 0:00:01]} 7. dxe5 {[%emt 0:00:01]} Be6 {[%emt 0:00:00]} 8. Bxd5 {[%emt 0:00:01]} Qxd5 {[%emt 0:00:01]} 9. O-O {[%emt 0:00:00]} Rd8 {[%emt 0:00:03]} 10. Qxd5 {[%emt 0:00:01]} Bxd5 {[%emt 0:00:00]} 11. Nc3 {[%emt 0:00:02]} Bc6 {[%emt 0:00:02]} 12. Bf4 {[%emt 0:00:01]} e6 {[%emt 0:00:01]} 13. Rad1 {[%emt 0:00:01]} Bb4 {[%emt 0:00:01]} 14. Rxd8+ {[%emt 0:00:02]} Kxd8 {[%emt 0:00:00]} 15. Rd1+ {[%emt 0:00:01]} Ke7 {[%emt 0:00:01]} 16. Ne2 {[%emt 0:00:01]} f6 {[%emt 0:00:04]} 17. exf6+ {[%emt 0:00:02]} gxf6 {[%emt 0:00:00]} 18. Bxc7 {[%emt 0:00:01]} e5 {[%emt 0:00:01]} 19. c3 {[%emt 0:00:02]} Bc5 {[%emt 0:00:02]} 20. b4 {[%emt 0:00:01]} Bb6 {[%emt 0:00:01]} 21. Bxb6 {[%emt 0:00:01]} axb6 {[%emt 0:00:00]} 22. Ng3 {[%emt 0:00:01]} Ra8 {[%emt 0:00:02]} 23. Nf5+ {[%emt 0:00:02]} Ke6 {[%emt 0:00:01]} 24. Ne3 {[%emt 0:00:03]} Rxa2 {[%emt 0:00:01]} 25. h3 {[%emt 0:00:01]} Ra3 {[%emt 0:00:02]} 26. Rc1 {[%emt 0:00:01]} b5 {[%emt 0:00:01]} 27. Ng4 {[%emt 0:00:03]} f5 {[%emt 0:00:01]} 28. Ne3 {[%emt 0:00:01]} h5 {[%emt 0:00:02]} 29. Kh2 {[%emt 0:00:01]} h4 {[%emt 0:00:01]} 30. g3 {[%emt 0:00:01]} hxg3+ {[%emt 0:00:03]} 31. Kxg3 {[%emt 0:00:00]} Ra2 {[%emt 0:00:01]} 32. Nf1 {[%emt 0:00:04]} f4+ {[%emt 0:00:02]} 33. Kg4 {[%emt 0:00:01]} Rxf2 {[%emt 0:00:02]} 34. h4 {[%emt 0:00:00]} Rg2+ {[%emt 0:00:01]} 35. Kh5 {[%emt 0:00:01]} Bf3+ {[%emt 0:00:02]} 36. Kh6 {[%emt 0:00:01]} Rg1 {[%emt 0:00:03]} 37. h5 {[%emt 0:00:00]} Bg2 {[%emt 0:00:01]} 38. Kh7 {[%emt 0:00:04]} Rxf1 {[%emt 0:00:02]} 39. Rc2 {[%emt 0:00:02]} Be4+ {[%emt 0:00:02]} 40. Kg7 {[%emt 0:00:01]} Bxc2 {[%emt 0:00:00]} 41. h6 {[%emt 0:00:00]} Rg1+ {[%emt 0:00:01]} 42. Kf8 {[%emt 0:00:02]} Rh1 {[%emt 0:00:00]} 43. Ke8 {[%emt 0:00:00]} Rxh6 {[%emt 0:00:01]} 44. Kd8 {[%emt 0:00:00]} Rf6 {[%emt 0:00:00]} 45. Kc7 {[%emt 0:00:00]} e4 {[%emt 0:00:00]} 46. Kb6 {[%emt 0:00:00]} e3 {[%emt 0:00:00]} 47. Kxb5 {[%emt 0:00:00]} f3 {[%emt 0:00:00]} 48. Kc4 {[%emt 0:00:00]} f2 {[%emt 0:00:00]} 49. b5 {[%emt 0:00:01]} e2 {[%emt 0:00:00]} 50. Kb4 {[%emt 0:00:00]} Rf3 {[%emt 0:00:01]} 51. Ka3 {[%emt 0:00:00]} Rxc3+ {[%emt 0:00:01]} 52. Kb4 {[%emt 0:00:00]} Rc4+ {[%emt 0:00:01]} 53. Kxc4 {[%emt 0:00:02]} f1=Q {[%emt 0:00:00]} 54. Kc3 {[%emt 0:00:00]} Qf4 {[%emt 0:00:01]} 55. Kxc2 {[%emt 0:00:00]} Qd6 {[%emt 0:00:01]} 56. Kc3 {[%emt 0:00:00]} Qb6 {[%emt 0:00:00]} 57. Kb4 {[%emt 0:00:00]} Qxb5+ {[%emt 0:00:00]} 58. Kxb5 {[%emt 0:00:00]} e1=Q {[%emt 0:00:00]} 59. Kb6 {[%emt 0:00:00]} Qd1 {[%emt 0:00:00]} 60. Kxb7 {[%emt 0:00:00]} Ke5 {[%emt 0:00:00]} 61. Kc7 {[%emt 0:00:00]} Ke4 {[%emt 0:00:00]} 62. Kc6 {[%emt 0:00:00]} Qd4 {[%emt 0:00:00]} 63. Kb5 {[%emt 0:00:00]} Qd5+ {[%emt 0:00:00] Zeit (Lag: Av=0.30s, max=0.8s)} 0-1

[Event "Stay Safe Play From Home 172"]
[Site "T#646326Emanuel Laske"]
[Date "2020.05.25"]
[Round "3"]
[White "matanant"]
[Black "Indianquant"]
[Result "0-1"]
[WhiteElo "1635"]
[BlackElo "2232"]
[Annotator "TA"]
[PlyCount "86"]
[EventDate "2020.05.25"]
[EventType "swiss (blitz)"]

{[%evp 9,86,-95,-52,-60,-38,-67,-62,-59,-49,-58,16,16,13,-53,-41,-193,-209,-289,-262,-256,-223,-425,-269,-341,-204,-164,15,10,18,-47,-47,-42,-45,-284,-68,-59,-62,-64,0,-79,-11,-10,-6,-6,-4,-31,0,-164,-164,-291,-294,-278,-273,-681,-670,-675,-665,-681,-674,-673,-589,-881,-876,-856,-843,-1019,-1019,-1703,-1659,-29976,-29977,-29992,-29993,-29993,-29994,-29997,-29997,-29997,-29996]} 1. b3 c5 2. Bb2 Nc6 3. f4 Nf6 4. Nf3 g6 5. d3 Bg7 6. e4 {A02: Bird's Opening.} O-O 7. c4 d6 8. Be2 {Black is slightly better.} e6 {[#]} 9. O-O $146 ({Predecessor:} 9. Qd2 d5 10. e5 Ne8 11. Ba3 b6 12. cxd5 Qxd5 13. Nc3 Qd8 14. O-O Nd4 15. Rad1 {1-0 (38) Belka,A (1925)-Jacek,R (1646) Wloclawek 2008}) 9... d5 (9... e5 $15) 10. e5 $1 $11 {[%cal Re5f6]} Ng4 {Hoping for ...Ne3.} 11. Qc1 (11. cxd5 $1 $11 exd5 12. Qc1) 11... d4 $1 $15 12. h3 $2 (12. Nxd4 $15 Ngxe5 13. Nxc6 Nxc6 14. Bxg7 Kxg7 15. Nc3) 12... Ne3 $19 13. Re1 f6 14. exf6 Rxf6 15. g3 $2 (15. Nbd2) 15... b6 16. Nbd2 {intending Nf1.} Bb7 (16... e5 $142 17. Nxe5 Nxe5 18. fxe5 Rf7) 17. Nf1 {[#]} Qd6 $2 (17... Nf5 $1 $19 18. Ng5 h6) 18. Nxe3 $11 dxe3 19. Bxf6 (19. Qxe3 $11 Rf5 20. Bxg7 Kxg7 21. Bd1) 19... Bxf6 $15 20. Qxe3 Nd4 {aiming for ...Nc2.} 21. Bd1 $2 (21. Ne5 $15) 21... Nxf3+ $2 (21... Nf5 $19 22. Qc1 Rd8) 22. Bxf3 Bd4 $36 {[%mdl 2048] Black is pushing.} 23. Bxb7 Rd8 (23... Rb8 $1 $15 24. Bg2 g5) 24. Be4 {[#]} (24. Kg2 $11 Bxe3 25. Rxe3) 24... Bxe3+ ({Better is} 24... g5 $1 $17 {Strongly threatening ...gxf4.} 25. Kh1 (25. Bxh7+ $2 Kxh7 26. Kg2 Bxe3 $19 {[%mdl 64] Discovered Attack}) 25... Bxe3 26. Rxe3 gxf4 27. gxf4 Kh8) 25. Rxe3 $11 Qd4 26. Rae1 Kg7 27. Kg2 Rf8 28. Kf3 $2 {Black keeps a firm grip on the game.} (28. Bc6 $11 {and White stays safe.}) 28... e5 $19 29. Kg2 (29. f5 $142) 29... exf4 30. gxf4 Rxf4 31. Rf3 $2 (31. R1e2) 31... Qb2+ 32. Kg3 Rxf3+ 33. Kxf3 Qxa2 {[%mdl 4096] Endgame KQ-KRB} 34. Re3 Qd2 35. d4 cxd4 36. Rd3 Qb2 37. b4 Kf6 38. c5 Ke5 39. c6 Qc1 {Black mates.} 40. b5 Qf1+ 41. Kg3 Kxe4 42. Rf3 Qxf3+ 43. Kh2 Qf4+ {Accuracy: White = 35%, Black = 60%.} 0-1

[Event "Stay Safe Play From Home 172"]
[Site "T#646326Emanuel Laske"]
[Date "2020.05.25"]
[Round "4"]
[White "Rogan"]
[Black "Lazieri3"]
[Result "1-0"]
[WhiteElo "2271"]
[BlackElo "2146"]
[Annotator "TA"]
[PlyCount "53"]
[EventDate "2020.05.25"]
[EventType "swiss (blitz)"]

{[%evp 9,53,-15,-1,-5,9,9,0,1,15,8,16,10,15,10,6,10,7,6,0,0,120,137,118,119,143,73,108,122,111,-32,0,0,198,-8,79,-169,244,246,238,256,252,239,29985,29986,29986,29987]} 1. d4 c6 2. c3 d5 3. Nf3 Nf6 4. Bg5 Bf5 5. e3 e6 6. Bd3 {D02: 1 d4 d5 2 Nf3 sidelines, including 2...Nf6 3 g3 and 2...Nf6 3 Bf4.} Bxd3 7. Qxd3 Be7 8. O-O {The position is equal.} h6 9. Bh4 Ne4 10. Bxe7 Qxe7 11. Nbd2 Nxd2 12. Qxd2 Nd7 {[#]} 13. Rfe1 $146 ({Predecessor:} 13. Qd3 Rc8 14. e4 O-O 15. exd5 cxd5 16. Rfe1 Qd6 17. h3 Qb6 18. Rab1 Rfe8 19. Ne5 Nxe5 20. Rxe5 {1-0 (72) Bashylin,S-Miller,E playchess.com INT 2007}) 13... O-O 14. e4 e5 (14... dxe4 $11 15. Rxe4 Nf6) 15. exd5 $16 e4 {[#]} 16. dxc6 $1 bxc6 17. Qf4 (17. Ne5 $142) 17... Rfe8 18. Nd2 $36 {[%cal Rd2e4][%mdl 2048] White has strong initiative.} Nf6 19. Re3 ({White should try} 19. h3 $16) 19... c5 (19... Nd5 $5 {[%cal Rd5f4]} 20. Qg4 Nxe3 21. fxe3 c5 $15) 20. dxc5 {Black must now prevent Ree1.} Qxc5 $2 (20... Nd5 $11 21. Qd6 Nxe3 22. Qxe7 Rxe7 23. fxe3 Rd8) 21. Rae1 $2 (21. Nxe4 $18 Nxe4 22. Rxe4) 21... Qb6 {[#]} (21... Nd5 $11 {remains equal.} 22. Qf5 g6) 22. b3 $2 (22. R3e2 $1 $16 {stays on course.}) 22... Qa5 $4 {[%mdl 8192]} (22... Nd5 $19 {and life is good for Black.} 23. Qg4 Nxe3 24. Rxe3 Rad8) 23. Nxe4 $18 Nxe4 24. Rxe4 Rxe4 25. Qxe4 ({Not} 25. Rxe4 Qxa2 26. h3 Qxb3 $11) 25... Qxa2 $2 (25... Rd8 $18 26. Qc2 g6) 26. Qxa8+ Kh7 27. Qe4+ {Accuracy: White = 50%, Black = 40%.} 1-0

[Event "Stay Safe Play From Home 172"]
[Site "T#646326Emanuel Laske"]
[Date "2020.05.25"]
[Round "4"]
[White "SoulofWolf"]
[Black "Praveen prasad"]
[Result "0-1"]
[WhiteElo "2260"]
[BlackElo "2249"]
[Annotator "TA"]
[PlyCount "84"]
[EventDate "2020.05.25"]
[EventType "swiss (blitz)"]

{[%evp 9,83,28,83,85,80,7,85,9,12,0,96,96,138,68,76,54,66,70,59,20,85,72,76,71,86,57,70,14,80,41,19,0,118,118,120,102,117,93,116,85,87,-29998,87,-29998,111,65,114,97,111,32,50,13,20,0,285,283,566,543,29999,114,456,460,460,441,371,-409,-412,-489,-498,-650,-629,-29997,-29998,-29998,-29999,-29999]} 1. Nf3 d5 2. c4 dxc4 3. e3 c6 4. Bxc4 Nf6 5. a3 {[#]} Bf5 $146 (5... b5 $11 6. Be2 Nbd7) ({Predecessor:} 5... Nbd7 6. b4 Nb6 7. Bb3 Bg4 8. Bxf7+ Kxf7 9. Ne5+ Ke8 10. Nxg4 Nxg4 11. Qxg4 Qd3 {1-0 (26) Skara,V (2178)-Hyll,J (1904) Frydek Mistek 2014}) 6. Qb3 $16 {A09: Réti Opening: 1 Nf3 d5 2 c4.} e6 7. d4 (7. Qxb7 $16 Nbd7 8. d4) 7... Nbd7 (7... Qc7 $11) 8. O-O ({Better is} 8. Qxb7 $16 Be7 9. Nc3) 8... Qb6 9. Qa2 Bxb1 (9... Bd6 $11 {keeps the balance.}) 10. Rxb1 Bd6 11. b4 (11. e4 $16) 11... O-O 12. Re1 Qc7 13. h3 e5 14. Bb2 exd4 (14... e4 $11 15. Nd2 Nb6) 15. Nxd4 ({Much worse is} 15. exd4 Nb6 $11) 15... Nb6 16. Bd3 Be5 17. Rbc1 Rad8 18. Be2 (18. Red1 $14) 18... Qb8 (18... Ne4 $11 19. Bd3 Bh2+ 20. Kf1 Rfe8) 19. a4 Nbd5 20. Qb3 Ne7 (20... Bh2+ $11 {remains equal.} 21. Kf1 Bd6) 21. b5 cxb5 22. Bxb5 a6 23. Bf1 Ng6 24. Rcd1 Ne4 {( -> ...Bh2+)} 25. Ba3 $2 {[%mdl 8192] [#]} (25. Re2 $16) 25... Bd6 $2 (25... Bh2+ 26. Kh1 Nxf2#) 26. Bb2 $2 {[%mdl 8192]} (26. Bxd6 $16 Rxd6 27. Qb4) 26... Nc5 $2 (26... Bh2+ 27. Kh1 Nxf2#) 27. Qa2 Rd7 28. Nf5 Rfd8 {Strongly threatening ...Bh2+.} 29. Kh1 (29. Nxd6 $16 Rxd6 30. Rxd6 Rxd6 31. Rc1) 29... Bf8 $14 30. Rxd7 Rxd7 31. Qa1 {[%cal Rb2g7]} Ne4 $2 {[%mdl 8192]} (31... Nb3 $11 {and Black is okay.} 32. Qa2 Nc5) 32. Bxg7 $18 {[%cal Rf5h6]} Nxf2+ $2 (32... h6 33. Nxh6+ Kh7) 33. Kg1 {[%cal Rf5h6]} Ne4 34. Bxf8 $2 (34. Nh6# {mates}) 34... Kxf8 $4 {[%mdl 8192]} (34... Qxf8 $16 35. Bc4 Ne7) 35. Qg7+ {[%mdl 64] Double Attack} Ke8 36. Bc4 {Qg8+ is the strong threat.} Qe5 37. Bxf7+ $4 {[%mdl 8192]} (37. Qg8+ $18 Nf8 38. Ng7+ Kd8 39. Qxf8+ Kc7 40. Bxa6 (40. Ne8+ Kb6 $18)) 37... Rxf7 $19 {[%mdl 64] Double Attack} 38. Qg8+ Nf8 ({Don't take} 38... Rf8 39. Ng7+ Ke7 40. Qc4 $19) 39. Nh6 Rg7 40. Qb3 {[#]} Rxg2+ $1 {[%mdl 576] Decoy. Black mates.} 41. Kxg2 Qg3+ {[%mdl 64] Double Attack} 42. Kf1 Qf2# {Accuracy: White = 37%, Black = 45%.} 0-1

[Event "Stay Safe Play From Home 172"]
[Site "T#646326Emanuel Laske"]
[Date "2020.05.25"]
[Round "4"]
[White "Lamborghini"]
[Black "Indianquant"]
[Result "0-1"]
[WhiteElo "2217"]
[BlackElo "2233"]
[Annotator "TA"]
[PlyCount "68"]
[EventDate "2020.05.25"]
[EventType "swiss (blitz)"]

{[%evp 17,67,25,96,61,54,66,62,57,53,43,24,0,29,21,68,5,5,-661,-664,-708,-716,-841,-814,-957,-952,-1153,-1136,-1054,-1029,-1299,-1238,-2006,-1939,-29987,-1877,-29988,-1729,-29994,-29995,-29998,-29995,-29995,-29996,-29996,-29996,-29996,-29996,-29996,-29997,-29998,-29999,-29999]} 1. e4 c5 2. Nf3 d6 3. d4 cxd4 4. Nxd4 Nf6 5. Nc3 a6 6. Bg5 e6 7. f4 Nc6 8. e5 h6 9. Bh4 g5 (9... dxe5 $11 10. Nxc6 Qxd1+ 11. Rxd1 bxc6) 10. fxg5 $16 {Strongly threatening Nxc6. B96: Sicilian Najdorf: 6 Bg5 e6 7 f4, lines other than 7...Qb6 and 7...Be7.} ({Inferior is} 10. exf6 gxh4 11. Nxc6 bxc6 $15) 10... Nd5 11. Nxd5 exd5 12. exd6 {Threatens to win with Qe2+.White is slightly better.} hxg5 13. Qe2+ Kd7 $1 {[#]} 14. Nxc6 $146 ({Predecessor:} 14. Bf2 Qa5+ 15. c3 Bxd6 16. Nb3 Qa4 17. O-O-O Re8 18. Qc2 Kc7 19. Kb1 Be6 20. h4 {½-½ (26) Volkov,V (2376)-Gonzalez Pereira,F (2395) ICCF email 2008}) 14... bxc6 15. Bg3 Bxd6 16. Bxd6 (16. O-O-O $1 $14) 16... Re8 $36 {[%mdl 2048] Black fights for an advantage.} 17. O-O-O $2 {[%mdl 8192] This move loses the game for White.} (17. Be5 $11 Qe7 18. Kd2 (18. Bc3 Qd6 $17) 18... Qxe5 19. Qxe5 Rxe5 20. Bd3) 17... Rxe2 $19 18. Bxe2 Kxd6 19. Bf3 Be6 20. Rhe1 Rb8 21. c3 Qa5 22. a3 Qb5 {[%csl Gb8][%cal Rb5b2]} 23. Rd2 Qb3 24. Bd1 Qa2 25. Bc2 Qa1+ 26. Bb1 Kc7 (26... Bf5 $142 27. Rc2 Bxc2 {[%mdl 64] Pin} 28. b4 Bxb1 29. Re3 Bf5+ 30. Kd2 d4 31. cxd4 Qxd4+ 32. Ke2 Bg4+ 33. Kf2 Re8 34. g3 Qxe3+ {[%mdl 64] Double Attack} 35. Kg2 Qf3+ 36. Kg1 Re1#) 27. Kc2 Bf5+ {Black mates.} 28. Rd3 Qxb2+ 29. Kd1 Qxb1+ {[%mdl 64] [#] Double Attack} 30. Ke2 Qxd3+ 31. Kf2 Rb2+ 32. Kg1 {[#]} Qd2 $1 {[%cal Rd2e1][%mdl 64] Double Attack} 33. Re2 Qxe2 {[%csl Gb2][%cal Re2g2]} 34. g4 Qg2# {Accuracy: White = 50%, Black = 100%.} 0-1